Illustrated dictionary of banking finance & accounting / (Record no. 131762)
[ view plain ]
| 000 -LEADER | |
|---|---|
| fixed length control field | 00632nam a22001937a 4500 |
| 005 - DATE AND TIME OF LATEST TRANSACTION | |
| control field | 20170124110140.0 |
| 010 ## - LIBRARY OF CONGRESS CONTROL NUMBER | |
| LC control number | B-161902 |
| 020 ## - INTERNATIONAL STANDARD BOOK NUMBER | |
| Terms of availability | 95.00 |
| International Standard Book Number | 8189093142 |
| 035 ## - SYSTEM CONTROL NUMBER | |
| System control number | B-161902 |
| 037 ## - SOURCE OF ACQUISITION | |
| Source of stock number/acquisition | Cen Lib/Ret |
| 082 ## - DEWEY DECIMAL CLASSIFICATION NUMBER | |
| Classification number | 641.03 |
| Item number | DIC |
| 245 ## - TITLE STATEMENT | |
| Title | Illustrated dictionary of banking finance & accounting / |
| Statement of responsibility, etc | compiled and edited by Alexander Fredrick |
| 260 ## - PUBLICATION, DISTRIBUTION, ETC. (IMPRINT) | |
| Place of publication, distribution, etc | New Delhi |
| Name of publisher, distributor, etc | Lotus press |
| Date of publication, distribution, etc | 2005 |
| 270 ## - ADDRESS | |
| City | New Delhi |
| Address | 4262/3 |
| Postal code | 110002 |
| 300 ## - PHYSICAL DESCRIPTION | |
| Extent | 208p. |
| Dimensions | 20cm(pbk) |
| 650 ## - SUBJECT ADDED ENTRY--TOPICAL TERM | |
| Topical term or geographic name as entry element | Bankin, finance and accounting |
| Form subdivision | Dictionay |
| 9 (RLIN) | 32698 |
| 700 ## - ADDED ENTRY--PERSONAL NAME | |
| Personal name | Fredrick, Alexadander |
| 9 (RLIN) | 32699 |
| 942 ## - ADDED ENTRY ELEMENTS (KOHA) | |
| Source of classification or shelving scheme | Dewey Decimal Classification |
| Koha item type | English Books |
| Classification part | 641.03 |
| Call number suffix | DIC |
| Withdrawn status | Lost status | Damaged status | Not for loan | Home library | Current library | Date acquired | Source of acquisition | Cost, normal purchase price | Total Checkouts | Full call number | Barcode | Date last seen | Copy number | Cost, replacement price | Price effective from | Koha item type | Source of classification or shelving scheme | Collection code |
|---|---|---|---|---|---|---|---|---|---|---|---|---|---|---|---|---|---|---|
| Central Library | Central Library | 15/07/2015 | Cen Lib/Ret | 95.00 | 641.03 DIC | B-161902 | 15/07/2015 | 1 | 95.00 | 15/07/2015 | English Books | |||||||
| Central Library | Central Library | 23/07/2015 | Cen Lib/Ret | 0.00 | 332.03 LOT | B-161648 | 23/07/2015 | 2 | 0.00 | 23/07/2015 | English Books | Dewey Decimal Classification | ||||||
| Sarojini Nagar | Sarojini Nagar | 16/11/2022 | 95.00 | 641.03 DIC | B-161649 | 16/11/2022 | 95.00 | 16/11/2022 | English Books | Dewey Decimal Classification | Non-fiction |
